000
00228nam a22000857a 4500
008
160704b xxu||||| |||| 00| 0 eng d
100
_9
2064
_a
Awasthy, R
245
_a
Stories of Valour
260
_a
New Delhi
_b
National Book Trust
_c
1972
999
_c
1761
_d
1761